000 00810nam a2200157Ia 4500
008 100122s9999 xx 000 0 und d
082 _b18136
_a922.94
100 _aस्वामी शिवतत्वानंद
245 _aस्वामी विवेकानंद शतवार्षिक जयंती स्मारक खंड 5
260 _bश्रीरामकृष्ण आश्रम
_c1905
300 _a525
630 _aस्वामी विवेकानंद शतवार्षिक जयंती स्मारक खंड 5
700 _aस्वामीव्योमरुपानंद
730 _aस्वामी विवेकानंद शतवार्षिक जयंती स्मारक खंड 5
942 _cBOOK
999 _c407650
_d407647